Civil Engineering Procedure (Record no. 13491)
[ view plain ]
| 000 -LEADER | |
|---|---|
| fixed length control field | 00236 a2200097 4500 |
| 020 ## - INTERNATIONAL STANDARD BOOK NUMBER | |
| International Standard Book Number | 9780727735249 |
| 100 ## - MAIN ENTRY--PERSONAL NAME | |
| Personal name | ICE |
| 245 ## - TITLE STATEMENT | |
| Title | Civil Engineering Procedure |
| 250 ## - EDITION STATEMENT | |
| Edition statement | sixth edition |
| 260 ## - PUBLICATION, DISTRIBUTION, ETC. | |
| Name of publisher, distributor, etc. | Institution of Civil Engineers |
| Date of publication, distribution, etc. | 2009 |
| Withdrawn status | Lost status | Source of classification or shelving scheme | Damaged status | Not for loan | Permanent Location | Current Location | Date acquired | Source of acquisition | Cost, normal purchase price | Barcode | Date last seen | Cost, replacement price | Price effective from | Koha item type |
|---|---|---|---|---|---|---|---|---|---|---|---|---|---|---|
| BMS College of Architecture, Design and Planning | BMS College of Architecture, Design and Planning | 2025-09-09 | 10 | 1396.50 | AR-UG4317 | 2025-09-09 | 1995.00 | 2025-09-09 | UG Books |